000 01034nam a22002175i 4500
001 157950
003 ES-MaACL
005 20250902063110.0
008 011122s1878 it |||| | ita d
040 _aCCPB | B
_bspa
_cCCPB | B
100 1 _aLombroso, Cesare,
_d1835-1909
_9242173
245 1 0 _aPensiero e meteore
_b: studii di un alienista /
_cpel Cesare Lombroso ; seguite dall'osservazioni psichiatrico-meteorologiche del A. Tamburini e dalle note abitante dei paesi in grandi altezze del G. Marinelli.
260 _aMilano :
_bFratelli Dumolard,
_c1878 (
_ftipi di A. Lombardi)
300 _aX, 227 p. ;
_c21 cm.
490 1 _aBiblioteca Scientifica Internazionale ;
_v16
700 1 2 _aTamburini, A.
_tOsservazioni psichiatrico-meteoriche sul manicomio di reggio.
_9133113
700 1 2 _aMarinelli, G.
_tNote sulle condizioni degli abitanti di Sauris e Collina.
_9129501
830 0 _aBiblioteca Scientifica Internazionale ;
_v16
_9188137
852 _aES-MaACL
_jF-11805
_z-- Enc. hol.
999 _c157950
_d157950